| 000 | 00358pab a2200157 454500 | ||
|---|---|---|---|
| 008 | 180718b2013 xxu||||| |||| 00| 0 eng d | ||
| 100 | _aDoboga, Mark | ||
| 245 | _aIt's not easy being a federal best place to work | ||
| 260 | _c2013 | ||
| 300 | _ap.6-8. | ||
| 362 | _aSpring | ||
| 650 | _aEmployees | ||
| 773 | _aManager | ||
| 908 | _aN | ||
| 909 | _a99506 | ||
| 999 |
_c99505 _d99505 |
||